000 00660nam a22002177a 4500
003 UA-OsUOA
001 103461
007 ta
008 20131030b un ||||| |||| 00| 0 ukr d
100 _aРаботяжев Н.В.
090 _a32
_bР13
942 _cSA
040 _aUA-OsUOA
_brus
_cUA-OsUOA
_dUA-OsUOA
245 _aРоссийская национальная идентичность в зеркале современного отечественного консерватизма
300 _aС.62-85
955 _a0
041 _arus
080 _a32
773 0 _w103460
_tПолития
_dМ.
_d2013
_g3
650 7 _a32 Політика
_2UDC
999 _c390272
_d390272